000 00575nam a2200169 i 4500
001 150339
003 ES-MaACL
005 20230906203453.0
007 t|
008 071030s1969 sp ||||1| spa d
100 1 _aVallès, Romà (
_d1923-)
_9112885
245 1 3 _aEl arte en la educación de los niños /
_cRomán Vallés.
260 _aMadrid :
_bServicio Informativo Español,
_c1969.
300 _a77 p., 15 lám. ;
_c21 cm.
710 1 _aEspaña.
_bMinisterio de Información y Turismo.
_bServicio Informativo Español.
_93888
852 _aES-MaACL
_jC-47858
_bR.72119
999 _c150339
_d150339